<?xml version="1.0" encoding="UTF-8"?>
<record
    xmlns:xsi="http://www.w3.org/2001/XMLSchema-instance"
    xsi:schemaLocation="http://www.loc.gov/MARC21/slim http://www.loc.gov/standards/marcxml/schema/MARC21slim.xsd"
    xmlns="http://www.loc.gov/MARC21/slim">

  <leader>00858nam a22001577a 4500</leader>
  <controlfield tag="008">110613t        xxu||||| |||| 00| 0 eng d</controlfield>
  <datafield tag="010" ind1=" " ind2=" ">
    <subfield code="a">CACAF39</subfield>
  </datafield>
  <datafield tag="245" ind1=" " ind2=" ">
    <subfield code="a">Court of Appeal Criminal Appeal No. 20 OF 1996 Kaye Abbey Kutosi and another Vs Uganda </subfield>
  </datafield>
  <datafield tag="260" ind1=" " ind2=" ">
    <subfield code="c">1996</subfield>
  </datafield>
  <datafield tag="500" ind1=" " ind2=" ">
    <subfield code="a">Coram: Manyindo, DCJ: Mukasa-Kikonyogo, J; E.S. Lugayizi, J.</subfield>
  </datafield>
  <datafield tag="500" ind1=" " ind2=" ">
    <subfield code="a">Originating from Mubende Cr. S.C. No. 308/95 Judgement of Egonda-Ntende, J dated 09/01/96</subfield>
  </datafield>
  <datafield tag="999" ind1=" " ind2=" ">
    <subfield code="c">2788</subfield>
    <subfield code="d">2788</subfield>
  </datafield>
  <datafield tag="952" ind1=" " ind2=" ">
    <subfield code="0">0</subfield>
    <subfield code="1">0</subfield>
    <subfield code="2">ddc</subfield>
    <subfield code="4">0</subfield>
    <subfield code="6">CACA_F_39</subfield>
    <subfield code="7">0</subfield>
    <subfield code="9">4198</subfield>
    <subfield code="a">MAIN</subfield>
    <subfield code="b">MAIN</subfield>
    <subfield code="c">LRP</subfield>
    <subfield code="d">2011-06-13</subfield>
    <subfield code="l">0</subfield>
    <subfield code="o">CACA F_39</subfield>
    <subfield code="p">20/1996/1</subfield>
    <subfield code="r">2011-06-13 00:00:00</subfield>
    <subfield code="w">2011-06-13</subfield>
    <subfield code="y">URC</subfield>
  </datafield>
  <datafield tag="952" ind1=" " ind2=" ">
    <subfield code="0">0</subfield>
    <subfield code="1">0</subfield>
    <subfield code="2">ddc</subfield>
    <subfield code="4">0</subfield>
    <subfield code="6">CACA_F_39</subfield>
    <subfield code="7">0</subfield>
    <subfield code="9">4199</subfield>
    <subfield code="a">MAIN</subfield>
    <subfield code="b">MAIN</subfield>
    <subfield code="c">LRP</subfield>
    <subfield code="d">2011-06-13</subfield>
    <subfield code="l">0</subfield>
    <subfield code="o">CACA F_39</subfield>
    <subfield code="p">20/1996/2</subfield>
    <subfield code="r">2011-06-13 00:00:00</subfield>
    <subfield code="w">2011-06-13</subfield>
    <subfield code="y">URC</subfield>
  </datafield>
  <datafield tag="952" ind1=" " ind2=" ">
    <subfield code="0">0</subfield>
    <subfield code="1">0</subfield>
    <subfield code="2">ddc</subfield>
    <subfield code="4">0</subfield>
    <subfield code="6">CACA_F_39</subfield>
    <subfield code="7">0</subfield>
    <subfield code="9">4200</subfield>
    <subfield code="a">MAIN</subfield>
    <subfield code="b">MAIN</subfield>
    <subfield code="c">LRP</subfield>
    <subfield code="d">2011-06-13</subfield>
    <subfield code="l">0</subfield>
    <subfield code="o">CACA F_39</subfield>
    <subfield code="p">20/1996/3</subfield>
    <subfield code="r">2011-06-13 00:00:00</subfield>
    <subfield code="w">2011-06-13</subfield>
    <subfield code="y">URC</subfield>
  </datafield>
  <datafield tag="952" ind1=" " ind2=" ">
    <subfield code="0">0</subfield>
    <subfield code="1">0</subfield>
    <subfield code="2">ddc</subfield>
    <subfield code="4">0</subfield>
    <subfield code="6">CACA_F_39</subfield>
    <subfield code="7">0</subfield>
    <subfield code="9">4201</subfield>
    <subfield code="a">MAIN</subfield>
    <subfield code="b">MAIN</subfield>
    <subfield code="c">LRP</subfield>
    <subfield code="d">2011-06-13</subfield>
    <subfield code="l">0</subfield>
    <subfield code="o">CACA F_39</subfield>
    <subfield code="p">20/1996/4</subfield>
    <subfield code="r">2011-06-13 00:00:00</subfield>
    <subfield code="w">2011-06-13</subfield>
    <subfield code="y">URC</subfield>
  </datafield>
</record>
